000 01016nam a22003017a 4500
001 9989
003 FISKH
005 20260324123853.0
008 260324b cb ||||| |||| 00| 0 eng d
020 _a9780448455884
040 _aFISKH
_beng
_cFISKH
_dFISKH
050 _a PZ7 .H2888 .L
082 _a813.52
100 _aHautzig , Deborah
245 _aL. Frank Baum's Wizard of Oz /
_cadapted by Deborah Hautzig : illustrated by Robin Robinson
260 _aNew York :
_bPenguin Young Readers ,
_c2013 .
300 _a48 pages :
_bcolor illustrations ;
_c23 cm .
490 _aPenguin Young Readers
_vLevel 4
505 _aN
520 _aAfter a cyclone transports her to the land of Oz, Dorothy must seek out the great Wizard in order to return to Kansas.
521 8 _a590
_bLexile estimate
521 8 _aN
_bRaz-Plus
650 _aWizard of Oz
_vFiction
650 _aChildren
_vFiction
700 _aRobinson , Robin
_eIllustrator
942 _2ddc
_cBK
_n0
999 _c9989
_d9989